000 00668nam a2200229 a 4500
005 20140310183606.0
008 120620s19uu xx 00 eng d
020 _a9789810698911
050 _aQA 76.9.S88
_b.K45 2009
100 _aKendall, Kenneth E.
245 _aSystem analysis and design /
_cKenneth E. Kendall. and Julie E. Kendall.
250 _a7th ed.
260 _aSingapore :
_bPearson Education South Asia Pte Ltd,
_c2009.
300 _a774 p. :
_bill. ;
_c26 cm.
500 _aIncludes index
521 _aIT
650 _aSystem design
650 _aSystem analysis
700 _aKendall, Julie E.
942 _cBK
_2lcc
_kFOR
999 _c25173
_d25173